Advanced accounting
Saved in:
| Main Authors: | , , |
|---|---|
| Format: | Bog |
| Sprog: | engelsk |
| Udgivet: |
Cincinnati
South-Western
1986
|
| Udgivelse: | 3a. ed |
| Fag: | |
| Tags: |
Tilføj Tag
Ingen Tags, Vær først til at tagge denne postø!
|
MARC
| LEADER | 00000nam a2200000 a 4500 | ||
|---|---|---|---|
| 001 | UCW2835 | ||
| 003 | CL-VaPUC | ||
| 008 | 920923e19860000US |||||||||||||||||eng|d | ||
| 082 | 0 | 4 | |a 657.046 |b FIS |2 21 |
| 100 | 0 | |a Fischer, Paul M |e author |9 307164 | |
| 700 | 0 | |a Taylor, William James |e author |9 307165 | |
| 700 | 0 | |a Leer, J. Arthur |e author |9 307166 | |
| 245 | 1 | 0 | |a Advanced accounting |
| 250 | |a 3a. ed | ||
| 300 | |a 1036 p | ||
| 942 | |c BK | ||
| 945 | |d 19920923 00:00:00 | ||
| 260 | |a Cincinnati |b South-Western |c 1986 | ||
| 650 | 0 | |a Contabilidad |9 261430 | |
| 583 | |a last modification |c 19920923 00:00:00 |k Rodrigo Vera | ||
| 999 | |c 217268 |d 217266 | ||
| 952 | |0 0 |1 0 |4 0 |6 657_046000000000000_FIS_1986 |7 0 |8 P |9 204419 |a BIBGIM |b BIBGIM |d 2019-11-15 |i 271633K |o 657.046 FIS 1986 |p 271633K |r 2025-01-15 |w 2019-11-15 |y BK |k COM | ||
| 952 | |0 0 |1 0 |4 0 |6 657_046000000000000_FIS_1986 |7 0 |8 P |9 204420 |a BIBGIM |b BIBGIM |d 2019-11-15 |i 2716348 |o 657.046 FIS 1986 |p 2716348 |r 2025-01-15 |w 2019-11-15 |y BK |k COM | ||